[Event "Titled Tuesday intern op 12th Sep Late"]
[Site "Chess.com INT"]
[Date "2023.09.12"]
[Round "5"]
[White "Lehtosaari, Mauri"]
[Black "Mundorf, Johannes"]
[Result "1-0"]
[WhiteElo "2151"]
[BlackElo "2301"]
[PlyCount "69"]
[EventDate "2023.09.12"]
[EventType "swiss (blitz)"]
[EventRounds "11"]
[EventCountry "USA"]
[SourceTitle "EXT 2024"]
[Source "ChessBase"]
[SourceDate "2023.10.10"]
[SourceVersion "1"]
[SourceVersionDate "2023.10.10"]
[SourceQuality "1"]

1. d4 e6 2. Nf3 f5 3. Bf4 Nf6 4. e3 d5 5. c4 Bd6 6. Bxd6 Qxd6 7. Nc3 0-0 8. Qb3 c6 9. Ne5 Ne4 10. f4 Nd7 11. Be2 Nxe5 12. fxe5 Qe7 13. Bf3 Qg5 14. Ne2 b6 15. Nf4 Qe7 16. Bxe4 fxe4 17. 0-0 Ba6 18. cxd5 cxd5 19. Rfc1 Rac8 20. Qa4 Bd3 21. h3 a5 22. Qb3 Bc4 23. Qxb6 Rb8 24. Qxe6+ Qxe6 25. Nxe6 Rfe8 26. b3 Bxb3 27. Nc7 Bc4 28. Nxe8 Rxe8 29. Rcb1 Rf8 30. Rb7 h6 31. e6 Kh7 32. a3 a4 33. Rab1 Kg6 34. R1b2 Kh5 35. Rf2 1-0

[Event "Titled Tuesday intern op 12th Sep Late"]
[Site "Chess.com INT"]
[Date "2023.09.12"]
[Round "2"]
[White "Leyva Proenza, Ricardo"]
[Black "Mundorf, Johannes"]
[Result "1-0"]
[WhiteElo "2333"]
[BlackElo "2301"]
[PlyCount "63"]
[EventDate "2023.09.12"]
[EventType "swiss (blitz)"]
[EventRounds "11"]
[EventCountry "USA"]
[SourceTitle "EXT 2024"]
[Source "ChessBase"]
[SourceDate "2023.10.10"]
[SourceVersion "1"]
[SourceVersionDate "2023.10.10"]
[SourceQuality "1"]

1. e4 e6 2. d4 d5 3. Nc3 Nc6 4. Nf3 Nf6 5. e5 Ne4 6. Bd3 Bb4 7. 0-0 Nxc3 8. bxc3 Bxc3 9. Rb1 h6 10. Be3 b6 11. Rb3 Ba5 12. c3 Bd7 13. Nd2 a6 14. Qh5 Qe7 15. f4 Na7 16. f5 Bb5 17. fxe6 Bxd3 18. Rxf7 Qxe6 19. Rf6+ Ke7 20. Rxe6+ Kxe6 21. Qg4+ Bf5 22. Qxg7 Raf8 23. Qxc7 Nc8 24. Qc6+ Ke7 25. Qxd5 Be6 26. Qb7+ Kd8 27. d5 Rf7 28. Qc6 Bd7 29. Qg6 Rhf8 30. Bxh6 Bf5 31. Qg5+ Ne7 32. Bxf8 1-0

[Event "Titled Tuesday intern op 12th Sep Late"]
[Site "Chess.com INT"]
[Date "2023.09.12"]
[Round "7"]
[White "Mundorf, Johannes"]
[Black "Leiva Rodriguez, Jeammarco Giuseppe"]
[Result "0-1"]
[WhiteElo "2301"]
[BlackElo "2393"]
[PlyCount "90"]
[EventDate "2023.09.12"]
[EventType "swiss (blitz)"]
[EventRounds "11"]
[EventCountry "USA"]
[SourceTitle "EXT 2024"]
[Source "ChessBase"]
[SourceDate "2023.10.10"]
[SourceVersion "1"]
[SourceVersionDate "2023.10.10"]
[SourceQuality "1"]

1. Nf3 Nf6 2. g3 d5 3. Bg2 c6 4. c4 dxc4 5. 0-0 g6 6. Na3 Bg7 7. Nxc4 0-0 8. d3 Nbd7 9. Qc2 Nb6 10. e4 Be6 11. Rd1 Nxc4 12. dxc4 Qc8 13. Rb1 Nxe4 14. Qxe4 Bf5 15. Qh4 Bxb1 16. Bh6 g5 17. Qxg5 Bg6 18. Bxg7 Kxg7 19. Qxe7 Re8 20. Qg5 Qf5 21. Qc1 Rad8 22. Rf1 Qf6 23. Nh4 Re7 24. f4 Bd3 25. Rd1 Red7 26. Nf3 Be4 27. Rxd7 Rxd7 28. Ne5 Rd4 29. Qe3 Rd1+ 30. Kf2 Bxg2 31. Kxg2 Qf5 32. Qc3 Kg8 33. Nf3 Rd3 34. Qe1 Qe6 35. Qf1 Qe4 36. Qf2 Re3 37. Kh3 Rxf3 38. Qd2 Rd3 39. Qf2 Rd6 40. g4 Rh6+ 41. Kg3 Rd6 42. Qc5 Rd3+ 43. Kh4 Qxf4 44. Qh5 h6 45. Qc5 Qxh2# 0-1

[Event "AUT-chT2W 2223"]
[Site "Austria"]
[Date "2023.01.20"]
[Round "6.3"]
[White "Hengl, Philip"]
[Black "Mundorf, Johannes"]
[Result "0-1"]
[WhiteElo "1928"]
[BlackElo "2279"]
[PlyCount "164"]
[EventDate "2022.09.23"]
[EventType "team-tourn"]
[EventRounds "11"]
[EventCountry "AUT"]
[SourceTitle "CBM 213 Extra"]
[Source "ChessBase"]
[SourceDate "2023.05.31"]
[SourceVersion "1"]
[SourceVersionDate "2023.05.31"]
[SourceQuality "1"]
[WhiteTeam "Pradl"]
[BlackTeam "Hohenems II"]
[WhiteTeamCountry "AUT"]
[BlackTeamCountry "AUT"]

1. e4 e6 2. d4 d5 3. exd5 exd5 4. Bd3 c5 5. c3 Nf6 6. Nf3 Be7 7. 0-0 0-0 8. dxc5 Bxc5 9. Nbd2 Nc6 10. Nb3 Bb6 11. Bg5 Bg4 12. h3 Bh5 13. g4 Bg6 14. Nbd4 Qd6 15. Bxf6 Qxf6 16. Re1 Rfe8 17. Bxg6 hxg6 18. Qd3 Ne5 19. Nxe5 Rxe5 20. Nf3 Rxe1+ 21. Rxe1 Rd8 22. Nd4 Rc8 23. Nf3 Qf4 24. Kg2 Rd8 25. Nd4 Kf8 26. Qf3 Qxf3+ 27. Nxf3 Rd6 28. Re2 f6 29. Kf1 Kf7 30. Kg2 g5 31. Kf1 g6 32. Ke1 Bc7 33. Nd4 Ra6 34. a3 Bf4 35. f3 Rd6 36. Nb5 Rd8 37. Kf1 a6 38. Nd4 Rd6 39. Ke1 Be5 40. Nc2 a5 41. Nd4 Rd8 42. Kf1 Rh8 43. Kg2 Bxd4 44. cxd4 Rc8 45. Kf2 Rc1 46. Re1 Rc4 47. Ke3 Rc2 48. Re2 Rc1 49. Kf2 Rh1 50. Kg3 Rd1 51. Rc2 Rxd4 52. Rc7+ Ke6 53. Rxb7 Rd2 54. b4 axb4 55. Rxb4 Ke5 56. a4 Ra2 57. f4+ gxf4+ 58. Rxf4 Ra3+ 59. Rf3 Rxa4 60. Re3+ Re4 61. Ra3 g5 62. Kf3 Re1 63. Ra5 Rh1 64. Kg2 Rc1 65. Kf2 Rc3 66. Kg2 Rc6 67. Kf3 Kd4 68. Ra1 Re6 69. Ra4+ Kc3 70. Ra3+ Kb4 71. Ra8 d4 72. Rd8 Kc3 73. Rc8+ Kd2 74. Kf2 d3 75. Ra8 Re2+ 76. Kf1 Re3 77. Ra6 Rf3+ 78. Kg2 Rf4 79. Rd6 Ke2 80. Re6+ Kd1 81. Re8 d2 82. Ra8 Ke2 0-1

[Event "AUT-chT 2122"]
[Site "Austria"]
[Date "2022.04.23"]
[Round "11.1"]
[White "Steindl, Johannes"]
[Black "Mundorf, Johannes"]
[Result "0-1"]
[WhiteElo "2247"]
[BlackElo "2260"]
[PlyCount "76"]
[EventDate "2021.11.04"]
[EventType "team-tourn"]
[EventRounds "11"]
[EventCountry "AUT"]
[SourceTitle "EXT 2023"]
[Source "ChessBase"]
[SourceDate "2022.10.05"]
[SourceVersion "1"]
[SourceVersionDate "2022.10.05"]
[SourceQuality "1"]
[WhiteTeam "Wien Ottakring"]
[BlackTeam "Hohenems"]
[WhiteTeamCountry "AUT"]
[BlackTeamCountry "AUT"]

1. e4 e6 2. d4 d5 3. e5 c5 4. c3 Nc6 5. Nf3 Bd7 6. Be2 Nge7 7. 0-0 Ng6 8. a3 Be7 9. b4 cxd4 10. cxd4 0-0 11. g3 b5 12. h4 a5 13. Nc3 Qb6 14. Rb1 axb4 15. axb4 Rfb8 16. h5 Nf8 17. h6 g6 18. Qd2 Nxb4 19. Qf4 Qd8 20. Be3 Na2 21. Nd1 b4 22. Bd2 Ba4 23. Bd3 Nd7 24. Ne3 b3 25. Rb2 Nb4 26. Bb1 Nc6 27. Bd3 Ba3 28. Ng5 Qe7 29. Rbb1 b2 30. Ng4 Nb4 31. Nf6+ Nxf6 32. exf6 Nxd3 33. Qxb8+ Rxb8 34. fxe7 Bxe7 35. Nf3 Bc2 36. Bc3 Bxb1 37. Rxb1 Rc8 38. Bd2 Rc1+ 0-1

[Event "AUT-chT 2122"]
[Site "Austria"]
[Date "2022.04.22"]
[Round "10.1"]
[White "Mundorf, Johannes"]
[Black "Gschiel, Alexander"]
[Result "1/2-1/2"]
[WhiteElo "2260"]
[BlackElo "2064"]
[PlyCount "34"]
[EventDate "2021.11.04"]
[EventType "team-tourn"]
[EventRounds "11"]
[EventCountry "AUT"]
[SourceTitle "EXT 2023"]
[Source "ChessBase"]
[SourceDate "2022.10.05"]
[SourceVersion "1"]
[SourceVersionDate "2022.10.05"]
[SourceQuality "1"]
[WhiteTeam "Hohenems"]
[BlackTeam "Pamhagen"]
[WhiteTeamCountry "AUT"]
[BlackTeamCountry "AUT"]

1. Nf3 d5 2. g3 Nf6 3. Bg2 e6 4. 0-0 Be7 5. c4 0-0 6. d4 dxc4 7. Ne5 Nc6 8. Bxc6 bxc6 9. Nxc6 Qe8 10. Nxe7+ Qxe7 11. Qa4 e5 12. dxe5 Qxe5 13. Qxc4 Be6 14. Qc2 Bf5 15. Qc4 Be6 16. Qc2 Bf5 17. Qc4 Be6 1/2-1/2

[Event "AUT-chT2W 2021"]
[Site "Austria"]
[Date "2020.10.10"]
[Round "2.2"]
[White "Bezler, Rainer"]
[Black "Mundorf, Johannes"]
[Result "1/2-1/2"]
[WhiteElo "2196"]
[BlackElo "2230"]
[PlyCount "75"]
[EventDate "2020.10.09"]
[EventType "team-tourn"]
[EventRounds "11"]
[EventCountry "AUT"]
[SourceTitle "CBM 199 Extra"]
[Source "ChessBase"]
[SourceDate "2021.01.31"]
[SourceVersion "1"]
[SourceVersionDate "2021.01.31"]
[SourceQuality "1"]
[WhiteTeam "Lustenau"]
[BlackTeam "Hohenems II"]
[WhiteTeamCountry "AUT"]
[BlackTeamCountry "AUT"]

1. d4 e6 2. Nf3 f5 3. g3 Nf6 4. Bg2 d5 5. 0-0 Bd6 6. b3 b6 7. Bb2 0-0 8. c4 Bb7 9. Ne5 Nbd7 10. Nd2 Qe7 11. Qc2 c6 12. a4 a5 13. Rac1 Rac8 14. Qd3 Ba6 15. Rfd1 Rfd8 16. e3 Bxe5 17. dxe5 Ng4 18. Nf3 dxc4 19. Qc2 cxb3 20. Qxb3 Be2 21. Rd6 Bxf3 22. Bxf3 Ngxe5 23. Bxe5 Nxe5 24. Rxd8+ Rxd8 25. Bg2 Rb8 26. f4 Nd7 27. Rxc6 Nc5 28. Qb2 Qf6 29. Qb5 Qc3 30. Qe2 Rd8 31. Rxb6 Rd2 32. Rb8+ Kf7 33. Qh5+ g6 34. Qxh7+ Qg7 35. Qxg7+ Kxg7 36. Rb5 Nxa4 37. Rxa5 Nc3 38. Re5 1/2-1/2

[Event "Oberliga NRW 1819"]
[Site "Germany"]
[Date "2018.11.18"]
[Round "3.3"]
[White "Xu, Xianliang"]
[Black "Mundorf, Johannes"]
[Result "1-0"]
[WhiteElo "2432"]
[BlackElo "2210"]
[PlyCount "41"]
[EventDate "2018.09.16"]
[EventType "team-tourn"]
[EventRounds "9"]
[EventCountry "GER"]
[SourceTitle "EXT 2020"]
[Source "ChessBase"]
[SourceDate "2019.10.17"]
[SourceVersion "1"]
[SourceVersionDate "2019.10.17"]
[SourceQuality "1"]
[WhiteTeam "Koeln Porz"]
[BlackTeam "Dinslaken"]
[WhiteTeamCountry "GER"]
[BlackTeamCountry "GER"]

1. Nf3 e6 2. c4 d5 3. b3 d4 4. Bb2 c5 5. b4 cxb4 6. Nxd4 b6 7. a3 bxa3 8. Nxa3 Nf6 9. e3 Bb7 10. Be2 Be7 11. f4 0-0 12. 0-0 Nc6 13. Nxc6 Bxc6 14. Nb5 Bxb5 15. cxb5 Bb4 16. Bf3 Qxd2 17. Bxf6 gxf6 18. Bxa8 Qxe3+ 19. Kh1 Rxa8 20. Qg4+ Kh8 21. Qh5 1-0

[Event "Oberliga NRW 1718"]
[Site "Germany"]
[Date "2018.01.28"]
[Round "5.4"]
[White "Mundorf, Johannes"]
[Black "Suvorov, Luca"]
[Result "1/2-1/2"]
[WhiteElo "2202"]
[BlackElo "2086"]
[PlyCount "46"]
[EventDate "2017.09.17"]
[EventType "team-tourn"]
[EventRounds "9"]
[EventCountry "GER"]
[SourceTitle "EXT 2019"]
[Source "ChessBase"]
[SourceDate "2018.10.10"]
[SourceVersion "1"]
[SourceVersionDate "2018.10.10"]
[SourceQuality "1"]
[WhiteTeam "Dinslaken"]
[BlackTeam "Koeln Porz II"]
[WhiteTeamCountry "GER"]
[BlackTeamCountry "GER"]

1. Nf3 Nf6 2. g3 e6 3. Bg2 d5 4. 0-0 c5 5. c4 dxc4 6. Na3 Be7 7. Nxc4 0-0 8. b3 b5 9. Nce5 Bb7 10. d4 Nbd7 11. Nxd7 Nxd7 12. Be3 c4 13. bxc4 bxc4 14. Qc2 Bd5 15. Bf4 f5 16. Ne1 Nb6 17. Rb1 Bxg2 18. Nxg2 Qxd4 19. Be3 Qd6 20. Bxb6 axb6 21. Qxc4 Rfc8 22. Qb3 Ra3 23. Qxb6 Rxa2 1/2-1/2

[Event "Dortmund Sparkassen op-A 44th"]
[Site "Dortmund"]
[Date "2016.07.10"]
[Round "2"]
[White "Kueppers, Timo"]
[Black "Mundorf, Johannes"]
[Result "0-1"]
[WhiteElo "1967"]
[BlackElo "2240"]
[PlyCount "110"]
[EventDate "2016.07.09"]
[EventType "swiss"]
[EventRounds "9"]
[EventCountry "GER"]
[SourceTitle "CBM 173 Extra"]
[Source "ChessBase"]
[SourceDate "2016.08.29"]
[SourceVersion "1"]
[SourceVersionDate "2016.08.29"]
[SourceQuality "1"]

1. e4 e6 2. d4 d5 3. Nc3 Nc6 4. Nf3 Nf6 5. Bd3 Nb4 6. 0-0 Be7 7. Re1 0-0 8. Bf1 c5 9. e5 Nd7 10. Bf4 b6 11. a3 Nc6 12. Bg3 a5 13. Nb5 Nxd4 14. Nbxd4 cxd4 15. Nxd4 Qc7 16. Re3 Ba6 17. Nb5 Qb7 18. Bf4 Rfd8 19. a4 Rac8 20. c3 Nf8 21. Qh5 Bxb5 22. Bxb5 d4 23. Rg3 dxc3 24. bxc3 Qe4 25. Be3 Bc5 26. Rg4 Qf5 27. Rg5 Qc2 28. Rc1 Qe4 29. Rg4 Qf5 30. Rg5 Qe4 31. Rg4 Qf5 32. Rg5 g6 33. Qh4 Be7 34. Rxf5 Bxh4 35. Rf3 Rb8 36. g3 Be7 37. Bd4 g5 38. h3 Ng6 39. Re3 Bc5 40. Rd3 Rbc8 41. Rb1 Bxd4 42. cxd4 Ne7 43. Ba6 Rc6 44. Bb5 Rc2 45. Kf1 Nd5 46. Rbd1 Nc3 47. R1d2 Rxd2 48. Rxd2 Nxb5 49. axb5 Rd5 50. Rb2 Rxd4 51. f3 Rd5 52. f4 gxf4 53. gxf4 Rd4 54. Ke2 Rxf4 55. Ke3 Rh4 0-1

[Event "BL2-West 1516"]
[Site "Germany"]
[Date "2016.01.31"]
[Round "6.5"]
[White "Mundorf, Johannes"]
[Black "Siebrecht, Sebastian"]
[Result "1/2-1/2"]
[WhiteElo "2209"]
[BlackElo "2458"]
[PlyCount "29"]
[EventDate "2015.09.20"]
[EventType "team-tourn"]
[EventRounds "9"]
[EventCountry "GER"]
[SourceTitle "EXT 2017"]
[Source "ChessBase"]
[SourceDate "2016.10.25"]
[SourceVersion "1"]
[SourceVersionDate "2016.10.25"]
[SourceQuality "1"]
[WhiteTeam "Dinslaken"]
[BlackTeam "Katernberg"]
[WhiteTeamCountry "GER"]
[BlackTeamCountry "GER"]

1. Nf3 c5 2. g3 Nc6 3. Bg2 g6 4. c4 Bg7 5. Nc3 e6 6. d4 cxd4 7. Nb5 d5 8. cxd5 exd5 9. 0-0 Nge7 10. Bf4 0-0 11. Nc7 Rb8 12. Nb5 Ra8 13. Nc7 Rb8 14. Nb5 Ra8 15. Nc7 1/2-1/2

[Event "Staufer op-A 28th"]
[Site "Schwaebisch Gmuend"]
[Date "2016.01.04"]
[Round "5"]
[White "Mundorf, Johannes"]
[Black "Mueller, Ralf1111"]
[Result "1/2-1/2"]
[WhiteElo "2207"]
[BlackElo "2373"]
[PlyCount "73"]
[EventDate "2016.01.02"]
[EventType "swiss"]
[EventRounds "9"]
[EventCountry "GER"]
[SourceTitle "CBM 170 Extra"]
[Source "ChessBase"]
[SourceDate "2016.02.25"]
[SourceVersion "1"]
[SourceVersionDate "2016.02.25"]
[SourceQuality "1"]

1. Nf3 Nf6 2. g3 d5 3. Bg2 g6 4. b3 Bg7 5. Bb2 c5 6. c4 d4 7. b4 0-0 8. 0-0 Re8 9. d3 e5 10. bxc5 Nfd7 11. Nbd2 Nxc5 12. Ba3 Nba6 13. Nb3 Na4 14. Qc2 Bd7 15. Nfd2 Qc7 16. Rfe1 Nc3 17. Nb1 Nxb1 18. Raxb1 Rac8 19. Nd2 Bc6 20. Bxc6 Qxc6 21. Qb3 b6 22. Qb5 Nc5 23. Bxc5 Qxc5 24. Qxc5 Rxc5 25. Rb5 Bh6 26. Rxc5 Bxd2 27. Rd1 bxc5 28. Rxd2 Rb8 29. f4 exf4 30. gxf4 Kg7 31. Kf2 Kf6 32. e3 dxe3+ 33. Kxe3 Kf5 34. d4 Re8+ 35. Kd3 Re4 36. dxc5 Re7 37. c6 1/2-1/2

[Event "Staufer op-A 28th"]
[Site "Schwaebisch Gmuend"]
[Date "2016.01.03"]
[Round "4"]
[White "Wiest, Leonhard"]
[Black "Mundorf, Johannes"]
[Result "0-1"]
[WhiteElo "1966"]
[BlackElo "2207"]
[PlyCount "56"]
[EventDate "2016.01.02"]
[EventType "swiss"]
[EventRounds "9"]
[EventCountry "GER"]
[SourceTitle "CBM 170 Extra"]
[Source "ChessBase"]
[SourceDate "2016.02.25"]
[SourceVersion "1"]
[SourceVersionDate "2016.02.25"]
[SourceQuality "1"]

1. f4 d5 2. Nf3 g6 3. g3 Nf6 4. Bg2 b5 5. d3 Bb7 6. 0-0 c5 7. c3 Bg7 8. Qe1 0-0 9. Nh4 Qb6 10. h3 d4 11. Bxb7 Qxb7 12. cxd4 cxd4 13. Na3 Nc6 14. Bd2 Rae8 15. g4 Nd5 16. Qg3 a6 17. Qf3 Qd7 18. Rac1 e6 19. Nc2 f5 20. a3 e5 21. gxf5 gxf5 22. fxe5 Nxe5 23. Qh5 f4 24. Nf3 Rf5 25. Qh4 Nxf3+ 26. exf3 Bf6 27. Qf2 Rg5+ 28. Kh1 Qxh3+ 0-1

[Event "BL2-West 1516"]
[Site "Germany"]
[Date "2015.11.15"]
[Round "3.6"]
[White "Mundorf, Johannes"]
[Black "Michalczak, Thomas"]
[Result "1/2-1/2"]
[WhiteElo "2209"]
[BlackElo "2272"]
[PlyCount "119"]
[EventDate "2015.09.20"]
[EventType "team-tourn"]
[EventRounds "9"]
[EventCountry "GER"]
[SourceTitle "EXT 2017"]
[Source "ChessBase"]
[SourceDate "2016.10.25"]
[SourceVersion "1"]
[SourceVersionDate "2016.10.25"]
[SourceQuality "1"]
[WhiteTeam "Dinslaken"]
[BlackTeam "Solingen"]
[WhiteTeamCountry "GER"]
[BlackTeamCountry "GER"]

1. Nf3 Nf6 2. g3 g6 3. b3 Bg7 4. Bb2 c5 5. Bg2 d6 6. 0-0 e5 7. c4 0-0 8. Nc3 Nc6 9. Ne1 Be6 10. Nc2 d5 11. cxd5 Nxd5 12. Ne3 Nde7 13. Ne4 b6 14. Ng5 Bd7 15. Nc4 Rb8 16. Rc1 f6 17. Nf3 Be6 18. d3 Qd7 19. Qd2 Rfd8 20. Rfd1 Rbc8 21. Ba1 Nd5 22. Ne3 Nde7 23. Nc2 Kh8 24. e3 Nd5 25. Nfe1 f5 26. d4 cxd4 27. exd4 e4 28. f3 Nf6 29. Ne3 Qe7 30. fxe4 Nxe4 31. Bxe4 fxe4 32. d5 Bh3 33. Bxg7+ Qxg7 34. Rc4 Qe5 35. Qc3 Qxc3 36. Rxc3 Ne7 37. Rxc8 Nxc8 38. Rd4 Nd6 39. Kf2 Rf8+ 40. Ke2 Kg7 41. N1c2 a5 42. Rd2 Bc8 43. Nd4 Ba6+ 44. Kd1 Kf6 45. Rf2+ Ke7 46. Nc6+ Ke8 47. Rxf8+ Kxf8 48. Kd2 Kf7 49. a4 Bb7 50. Kc3 Bxc6 51. dxc6 Ke6 52. Kd4 Nf5+ 53. Kxe4 Nxe3 54. Kxe3 Kd6 55. Kd4 Kxc6 56. Kc4 g5 57. g4 h6 58. h3 b5+ 59. Kd4 bxa4 60. bxa4 1/2-1/2

[Event "GER-chT Lands U20"]
[Site "Hannover"]
[Date "2015.10.07"]
[Round "7.3"]
[White "Brunner, Wilken"]
[Black "Mundorf, Johannes"]
[Result "0-1"]
[WhiteElo "1876"]
[BlackElo "2202"]
[PlyCount "78"]
[EventDate "2015.10.03"]
[EventType "team-swiss"]
[EventRounds "7"]
[EventCountry "GER"]
[SourceTitle "CBM 168 Extra"]
[Source "ChessBase"]
[SourceDate "2015.10.29"]
[SourceVersion "1"]
[SourceVersionDate "2015.10.29"]
[SourceQuality "1"]
[WhiteTeam "Niedersachsen (U20) II"]
[BlackTeam "Nordrhein Westfalen (U20)"]
[WhiteTeamCountry "GER"]
[BlackTeamCountry "GER"]

1. c4 c5 2. g3 g6 3. Bg2 Bg7 4. Nc3 Nc6 5. a3 d6 6. Rb1 e6 7. b4 Nge7 8. e3 Ne5 9. Qb3 Nd3+ 10. Ke2 Nxc1+ 11. Rxc1 cxb4 12. axb4 0-0 13. Nh3 e5 14. Ng5 h6 15. d3 hxg5 16. h4 gxh4 17. Rxh4 Rb8 18. Qa3 a6 19. b5 Be6 20. bxa6 bxa6 21. Qxa6 Qb6 22. Qxb6 Rxb6 23. Rc2 Rfb8 24. Rh1 Nc6 25. Bxc6 Rxc6 26. e4 Bf6 27. Ra1 Bd8 28. f3 Kg7 29. Kd2 Bg5+ 30. Ke2 Rh8 31. Rf1 Rh3 32. f4 Bg4+ 33. Kd2 Bh6 34. Nd5 Rxg3 35. Rf2 Be6 36. Ne7 Rc7 37. Nd5 Bxd5 38. exd5 Bxf4+ 39. Rxf4 exf4 0-1

[Event "GER-chT Lands U20"]
[Site "Hannover"]
[Date "2015.10.05"]
[Round "5.3"]
[White "Herbrig, Alexander"]
[Black "Mundorf, Johannes"]
[Result "0-1"]
[WhiteElo "2042"]
[BlackElo "2202"]
[PlyCount "142"]
[EventDate "2015.10.03"]
[EventType "team-swiss"]
[EventRounds "7"]
[EventCountry "GER"]
[SourceTitle "CBM 168 Extra"]
[Source "ChessBase"]
[SourceDate "2015.10.29"]
[SourceVersion "1"]
[SourceVersionDate "2015.10.29"]
[SourceQuality "1"]
[WhiteTeam "Sachsen (U20)"]
[BlackTeam "Nordrhein Westfalen (U20)"]
[WhiteTeamCountry "GER"]
[BlackTeamCountry "GER"]

1. e4 e6 2. d4 d5 3. Nc3 Nf6 4. Bg5 dxe4 5. Nxe4 Be7 6. Bxf6 gxf6 7. g3 f5 8. Nc3 Bf6 9. Nge2 Nc6 10. d5 exd5 11. Qxd5 Qxd5 12. Nxd5 Bxb2 13. Nxc7+ Kd8 14. Rb1 Kxc7 15. Rxb2 Be6 16. Bg2 Rhe8 17. c3 Bc4 18. f4 Re3 19. Bxc6 bxc6 20. Kf2 Rae8 21. Nd4 c5 22. Nxf5 Re2+ 23. Rxe2 Rxe2+ 24. Kf3 Rxa2 25. Ne3 Bb5 26. Kg4 Re2 27. Kf3 Ra2 28. Kg4 a5 29. Kg5 Re2 30. Ng4 Bc4 31. Ne5 Bb3 32. Kf6 a4 33. Ra1 Rxh2 34. f5 h5 35. Nxf7 Rg2 36. Ng5 Kc6 37. Ne4 Kd5 38. Re1 Bc2 39. c4+ Kxc4 40. Ke7 Kd4 41. Nd6 Bb3 42. f6 Rf2 43. f7 Bxf7 44. Rd1+ Ke3 45. Nxf7 a3 46. Ne5 a2 47. g4 Re2 48. Kf6 hxg4 49. Nxg4+ Ke4 50. Ne5 Rd2 51. Ra1 Kd5 52. Ng4 Kc4 53. Ne3+ Kb3 54. Rc1 Kb2 55. Rf1 a1Q 56. Nc4+ Kb3+ 57. Rxa1 Kxc4 58. Ke5 Re2+ 59. Kd6 Rd2+ 60. Kc6 Kd4 61. Rc1 c4 62. Kb5 c3 63. Kb4 Rb2+ 64. Ka3 Kd3 65. Rh1 Re2 66. Rh8 Kc2 67. Rc8 Re7 68. Rh8 Kd2 69. Rd8+ Kc1 70. Kb3 c2 71. Rg8 Kb1 0-1

[Event "GER-chT Lands U20"]
[Site "Hannover"]
[Date "2015.10.03"]
[Round "1.3"]
[White "Mundorf, Johannes"]
[Black "Schumann, Rabea"]
[Result "1/2-1/2"]
[WhiteElo "2202"]
[BlackElo "1674"]
[PlyCount "105"]
[EventDate "2015.10.03"]
[EventType "team-swiss"]
[EventRounds "7"]
[EventCountry "GER"]
[SourceTitle "CBM 168 Extra"]
[Source "ChessBase"]
[SourceDate "2015.10.29"]
[SourceVersion "1"]
[SourceVersionDate "2015.10.29"]
[SourceQuality "1"]
[WhiteTeam "Nordrhein Westfalen (U20)"]
[BlackTeam "Mecklenburg Vorpommern (U20)"]
[WhiteTeamCountry "GER"]
[BlackTeamCountry "GER"]

1. Nf3 d5 2. g3 Nf6 3. Bg2 Nbd7 4. d4 e6 5. 0-0 Bd6 6. c4 dxc4 7. Nbd2 Nb6 8. Qc2 0-0 9. Nxc4 Nxc4 10. Qxc4 c6 11. Re1 Qc7 12. e4 e5 13. Bd2 Re8 14. Rac1 exd4 15. Qxd4 Be5 16. Nxe5 Qxe5 17. Qxe5 Rxe5 18. f4 Re7 19. Bb4 Rd7 20. Rcd1 Rxd1 21. Rxd1 Bg4 22. Rd2 Re8 23. Bc3 Be6 24. b3 h6 25. h3 Bc8 26. g4 Kh7 27. Bxf6 gxf6 28. Kf2 c5 29. f5 Kg7 30. Rd6 b6 31. Ke3 Re7 32. Kf4 Rd7 33. Rxd7 Bxd7 34. e5 Bc8 35. h4 a6 36. Bd5 b5 37. Ke4 Bd7 38. e6 fxe6 39. fxe6 Be8 40. e7 a5 41. Kf5 Bd7+ 42. Be6 Be8 43. Kf4 Kg6 44. h5+ Kg7 45. Kf5 Bc6 46. Kf4 Be8 47. Bd5 Bd7 48. Ke4 Be8 49. Be6 Bc6+ 50. Kf4 Be8 51. Kf5 Bc6 52. Kf4 Be8 53. Kf5 1/2-1/2